Management Accounting : (Record no. 7106)
[ view plain ]
| 000 -LEADER | |
|---|---|
| fixed length control field | 01003nam a22002897a 4500 |
| 003 - CONTROL NUMBER IDENTIFIER | |
| control field | BUBTL |
| 008 - FIXED-LENGTH DATA ELEMENTS--GENERAL INFORMATION | |
| fixed length control field | 231005b ||||| |||| 00| 0 eng d |
| 020 ## - INTERNATIONAL STANDARD BOOK NUMBER | |
| International Standard Book Number | 9789332520615 |
| 041 ## - LANGUAGE CODE | |
| Language code of text/sound track or separate title | eng |
| 082 ## - DEWEY DECIMAL CLASSIFICATION NUMBER | |
| Classification number | 658.1511/ At541m/ 2014 |
| 100 ## - MAIN ENTRY--PERSONAL NAME | |
| 9 (RLIN) | 1555 |
| Personal name | Atkinson, Anthony A. |
| 245 ## - TITLE STATEMENT | |
| Title | Management Accounting : |
| Remainder of title | Information for decision-making and strategy execution / |
| Statement of responsibility, etc. | Anthony A. Atkinson...[et al]. |
| 250 ## - EDITION STATEMENT | |
| Edition statement | 6th ed |
| 260 ## - PUBLICATION, DISTRIBUTION, ETC. (IMPRINT) | |
| Place of publication, distribution, etc. | Chennai : |
| Name of publisher, distributor, etc. | Pearson, |
| Date of publication, distribution, etc. | c2014 |
| 300 ## - PHYSICAL DESCRIPTION | |
| Extent | viii, 800 p. : |
| Other physical details | ills.; |
| Dimensions | 24 cm. |
| 500 ## - GENERAL NOTE | |
| General note | Includes Index |
| 505 ## - FORMATTED CONTENTS NOTE | |
| Formatted contents note | Management Accounting, Management, Accounting, Anthony A. Atkinson, Robert S. Kaplan, Ella Mae Matsumura, S. Mark Young, G. Arun Kumar |
| 526 ## - STUDY PROGRAM INFORMATION NOTE | |
| Program name | Management |
| 650 #0 - SUBJECT ADDED ENTRY--TOPICAL TERM | |
| 9 (RLIN) | 39 |
| Topical term or geographic name as entry element | Management |
| 700 ## - ADDED ENTRY--PERSONAL NAME | |
| 9 (RLIN) | 5500 |
| Personal name | Kaplan, Robert S. |
| 700 ## - ADDED ENTRY--PERSONAL NAME | |
| 9 (RLIN) | 5501 |
| Personal name | Matsumura, Ella Mae |
| 700 ## - ADDED ENTRY--PERSONAL NAME | |
| 9 (RLIN) | 5502 |
| Personal name | Young, S. Mark |
| 700 ## - ADDED ENTRY--PERSONAL NAME | |
| 9 (RLIN) | 5503 |
| Personal name | Kumar, G. Arun |
| 856 ## - ELECTRONIC LOCATION AND ACCESS | |
| Password | 0 |
| Logon | 0 |
| Link text | Download |
| 942 ## - ADDED ENTRY ELEMENTS (KOHA) | |
| Source of classification or shelving scheme | |
| Koha item type | Books |
| Withdrawn status | Lost status | Source of classification or shelving scheme | Damaged status | Not for loan | Collection code | Permanent location | Current location | Shelving location | Date acquired | Source of acquisition | Inventory number | Total Checkouts | Full call number | Barcode | Date last seen | Copy number | Price effective from | Koha item type |
|---|---|---|---|---|---|---|---|---|---|---|---|---|---|---|---|---|---|---|
| Not For Loan | Non-fiction | Bangladesh University of Business and Technology Library | Bangladesh University of Business and Technology Library | Management Stacks | 09/26/2023 | Purchase | 29712 | 658.1511/ At541m/ 2014 | BUBTL-200329712 | 10/05/2023 | C-1 | 10/05/2023 | Books | |||||
| Not For Loan | Non-fiction | Bangladesh University of Business and Technology Library | Bangladesh University of Business and Technology Library | Management Stacks | 09/26/2023 | Purchase | 29713 | 658.1511/ At541m/ 2014 | BUBTL-200329713 | 10/05/2023 | C-2 | 10/05/2023 | Books |
